000 00446nam a2200181Ia 4500
005 20231111113741.0
008 131103s9999 xx 000 0 und d
040 _aLoreto College
041 _aEnglish
082 _a323
_bDAS
245 _aTathyer Adhikar
_c edited by Bhabesh Das
260 _aKolkata
_bGangchil
_c2005
300 _a463p.
650 _aPolitical science
651 _aPolitical rights
850 _aLCLIB
942 _cBK
999 _c25646
_d76125